Fr. Conceicao Rodrigues College of Engineering

Electronic devices & circuits (Record no. 32758)

MARC details
000 -LEADER
fixed length control field 00385nam a2200157Ia 4500
082 ## - DEWEY DECIMAL CLASSIFICATION NUMBER
Classification number 621.381/MIL/HAL
100 ## - MAIN ENTRY--PERSONAL NAME
Personal name Millman/Jacob/ Halkias/ C.C.
245 ## - TITLE STATEMENT
Title Electronic devices & circuits
260 ## - PUBLICATION, DISTRIBUTION, ETC.
Name of publisher, distributor, etc. Tata Mc Graw hill
Place of publication, distribution, etc. New Delhi
Date of publication, distribution, etc. 1991
300 ## - PHYSICAL DESCRIPTION
Extent 752
546 ## - LANGUAGE NOTE
Language note ENGLISH
650 ## - SUBJECT ADDED ENTRY--TOPICAL TERM
Topical term or geographic name entry element ELECTRONICS
654 ## - SUBJECT ADDED ENTRY--FACETED TOPICAL TERMS
Focus term Electronic device & Circuits.
942 ## - ADDED ENTRY ELEMENTS (KOHA)
Koha item type BOOK
Holdings
Withdrawn status Lost status Damaged status Not for loan Collection Home library Current library Date acquired Source of acquisition Cost, normal purchase price Inventory number Total Checkouts Full call number Barcode Date last seen Cost, replacement price Price effective from Koha item type
        CRC Fr. Agnel's C.Rodrigues College of Engineering Fr. Agnel's C.Rodrigues College of Engineering 17/03/2023 Progressive Books 120.00 2068 dt 28.10.92   621.381/MIL/HAL 3929 17/03/2023 120.00 28/10/1992 BOOK